Biblioteca

Diversity and truth : (Registro nro. 70367)

Detalles MARC
000 -LÍDER
Campo fijo de descripción fija 01482nab a2200241 i 4500
001 - NÚMERO DE CONTROL
Campo de control 768714001
003 - IDENTIFICADOR DEL NÚMERO DE CONTROL
Campo de control CO-MdFUSB
005 - FECHA Y HORA DE LA ULTIMA TRANSACCIÓN
control field 20240626145112.0
008 - ELEMENTOS DE LONGITUD FIJA -- INFORMACIÓN GENERAL
Campo fijo de descripción fija -- Información general 240626t1995 us ||||| |||| 00| 0 eng d
040 ## - FUENTE DE CATALOGACIÓN
Idioma de catalogación spa
Agencia que realiza la transcripción CO-MdFUSB
Agencia que realiza la modificación CO-MdFUSB
041 ## - CÓDIGO DE IDIOMA
Código de idioma para texto/pista de sonido o título separado eng
100 ## - ASIENTO PRINCIPAL--NOMBRE PERSONAL
Nombre personal Motte, Mary,
Término relacionador autor
245 1# - TÍTULO
Título Diversity and truth :
Subtitulo a missiological perspective
Mención de responsabilidad / Mary Motte
520 ## - NOTA DE RESUMEN, ETC.
Nota de sumario, etc. Este artículo explora la relación entre diversidad y verdad desde una perspectiva misiológica. Esta cuestión se explora en la relación entre el cristianismo y otras tradiciones religiosas, y en la relación entre la fe y la cultura cristianas. Un cambio en la comprensión de la misión desde una preocupación primordial por edificar la comunidad cristiana a una preocupación primordial por la participación en la edificación del reino de Dios proporciona nuevos espacios para comprender aspectos de estas relaciones. Ambas áreas de estudio están generando principios y criterios emergentes que son útiles para discernir la relación entre verdad y diversidad.
546 ## - NOTA DE IDIOMA
Nota de idioma Texto en inglés.
650 #0 - ASIENTO SECUNDARIO DE MATERIA - TERMINO TEMÁTICO
Término temático o nombre geográfico como elemento de entrada Cristianismo y otras religiones
9 (RLIN) 1247
650 #7 - ASIENTO SECUNDARIO DE MATERIA - TERMINO TEMÁTICO
Término temático o nombre geográfico como elemento de entrada Fe
9 (RLIN) 531
650 #7 - ASIENTO SECUNDARIO DE MATERIA - TERMINO TEMÁTICO
Término temático o nombre geográfico como elemento de entrada Antropología cultural y social
9 (RLIN) 6714
650 #7 - ASIENTO SECUNDARIO DE MATERIA - TERMINO TEMÁTICO
Término temático o nombre geográfico como elemento de entrada Análisis transcultural
9 (RLIN) 7076
773 0# - ASIENTO DE ITEM FUENTE
Biblionumber 49486
Itemnumber 61121
Lugar, editorial y fecha de publicación Pasadena
Otro identificador del ítem R0893
Título Missiology:
Número de control del registro (CO-MdFUSB)97
Parte(s) relacionada(s) / Volumen., número. (mes año), páginas Volumen 23, (número 1, 1995) páginas: 85 - 90
Enumeración y primera página página: 85
942 ## - TIPO DE MATERIAL (KOHA)
Tipo de Item KOHA Artículos de Revista
945 ## - INFORMACIÓN LOCAL DEL REGISTRO
Catalogador Catherine Arias Álvarez - Practicante SENA

No hay ítems disponibles.

Biblioteca FUSBC | Teléfono: (57+4) 349 88 10 Ext. 141| WhatsApp (+57) 3005338115 
E-mail: biblioteca@unisbc.edu.co | Calle 76 87-14 Robledo Palenque, Medellín, Colombia

Con tecnología Koha